[Event "BCF-chT 1415 (4NCL)"]
[Site "England"]
[Date "2015.02.14"]
[Round "5.111"]
[White "Speelman, Jonathan S"]
[Black "Merry, Alan B"]
[Result "1-0"]
[WhiteElo "2501"]
[BlackElo "2349"]
[Annotator "Schulz,Andre"]
[PlyCount "77"]
[EventDate "2014.11.15"]
[EventType "team-swiss"]
[EventRounds "11"]
[EventCountry "ENG"]
[SourceTitle "EXT 2016"]
[Source "ChessBase"]
[SourceDate "2015.10.08"]
[SourceVersion "1"]
[SourceVersionDate "2015.10.08"]
[SourceQuality "1"]
[WhiteTeam "Wood Green"]
[BlackTeam "The ADS"]
[WhiteTeamCountry "ENG"]
[BlackTeamCountry "ENG"]

1. Nf3 g6 2. e4 Bg7 3. d4 d6 4. Bc4 e6 5. Bb3 Ne7 6. O-O b6 7. Re1 Nd7 8. Nbd2
Bb7 {Der schwarze Aufbau nennt sich "Schildkröte".} 9. Nf1 h6 10. Ng3 O-O 11.
c3 e5 (11... Rc8 12. h3 c5 13. dxc5 Nxc5 14. Bc2 Qc7 15. Nd4 Rfd8 16. Nb3 d5
17. Qe2 Ba6 18. Qe3 Nxb3 19. Bxb3 d4 20. cxd4 Bxd4 21. Qf3 Nc6 22. Ne2 Ne5 23.
Qg3 Nd3 24. Nxd4 Qxg3 25. fxg3 Nxe1 26. Bxh6 Rxd4 27. Rxe1 Bb7 28. e5 Re4 29.
Rxe4 Bxe4 30. Bd1 Bb1 31. a3 Rc5 32. Bf4 g5 33. b4 Rc3 34. Bxg5 Rxa3 35. g4 Be4
36. Be2 Rb3 37. Be7 a5 38. bxa5 bxa5 39. Kf2 a4 40. Bd1 Bc2 41. Bxc2 Rb2 42.
Ke3 Rxc2 43. Kd3 Rxg2 44. Kc3 Rg3+ 45. Kb2 Rxh3 46. g5 Kh7 {0-1 (46) Ulker,A 
(2262)-Gelashvili,T (2520) Izmir 2003}) 12. h4 Kh8 ({Nach} 12... h5 {wäre} 13.
Bg5 ({oder} 13. Ng5 {lästig.})) 13. h5 f5 ({Eine üblichere Reaktion ist} 
13... g5) 14. hxg6 f4 15. Nh5 Nxg6 16. Be6 {Schwarz ist ziemlich "weich" auf
den weißen Feldern am Königsflügel.} Nf6 (16... Qe7 $5 17. Bf5 Rxf5 $1 {
ist eine Maschinen-Idee. Nach} 18. exf5 Nh4 19. d5 Nxf3+ 20. Qxf3 Qg5 21. Nxg7
Qxg7 {hat Schwarz gute Kompensation für die Qualität.}) 17. Bf5 Qe8 18. Nxg7
Kxg7 19. b3 {Der Läufer soll nach b2. Am anderen Ende der Diagonalen lockt
der schwarze König.} Rg8 20. Bb2 Ne7 21. Be6 Qh5 $2 ({Wenn Schwarz erst noch
die Qualität rettet, verliert er zuviel Zeit. Eine bessere Umsetzung der Idee
war aber.} 21... Qg6 22. dxe5 (22. Bxg8 Rxg8 23. dxe5 Kf7 (23... Kh8 $2 24. Nh4
Qg5 25. exf6 $18) 24. Nh4 Qg5 25. exf6 Qxh4 {mit der hässlichen Drohung Dh3.
Nach} 26. Qd3 Qg5 27. g3 $13 {bleibt Schwarz im Spiel.} (27. Qf3 Ng6 $40))
22... Nxe4 (22... dxe5 $2 23. Nxe5 $18) 23. Bxg8 Rxg8 24. Nh4 Qg5 25. exd6 cxd6
26. Nf3 Qg6 {mit den Drohungen Kf7 und Sf5.} 27. Qd3 $13) 22. dxe5 dxe5 23. c4
(23. Bxg8 Rxg8 24. c4 {war auch gut:} Kh7 (24... Bxe4 25. Nxe5 Qxd1 26. Raxd1
Bf5 (26... Bb7 27. Ng4 $18) 27. Nd7 $18) 25. Nxe5 Qh4 26. Re2 Nf5 27. exf5
Rxg2+ 28. Kf1 Qh1#) 23... Rgd8 24. Qe2 (24. Qc1 $5 Ng6 25. Bf5 Re8 26. c5 $18)
24... Ng6 (24... Bxe4 25. Nxe5 Qxe2 26. Rxe2 Bf5 27. Ng4 Bxg4 28. Bxg4 Neg8 29.
Rae1 $18) 25. Bf5 Re8 26. Rad1 Bc8 ({Mit} 26... Re7 27. c5 Rae8 (27... bxc5 $2
28. Qb5 Bc8 29. Qxc5 Bxf5 30. exf5 Qxf5 31. Nh4 $18) 28. Ba3 Rf7 29. Qc4 Nh4
30. Nxh4 Qxh4 31. f3 Bc8 $16 {konnte Schwarz versuchen, eine passive aber
stabile Position einzunehmen.}) 27. Qc2 {Weiß hat den Vorstoß c4-c5 entdeckt.
} Ng4 (27... Nh4 $5 $16) 28. c5 Re7 {Mit dem Läufer auf c8 nun eher ungenau,
wie sich sofort herausstellt.} 29. Rd8 {Gewinnt die Qualität.} Bxf5 30. Rxa8
Bd7 {Nun droht Schwarz allerdings Sh4 und Mattangriff.} 31. c6 ({Trickreich war
} 31. Qd1 $18 {um auf} Nh4 32. Nxe5 {zu antworten.}) 31... Be6 32. Qc3 (32. Qd1
$1) 32... Kh7 33. Rd1 Nh4 ({Etwas mehr Chancen bot} 33... Nh2 34. Rdd8 Nxf3+
35. Qxf3 Qg5 36. Qe2 Bh3 37. f3 Rg7 {aber nach} 38. Kf1 {muss Schwarz sich
zurückziehen.}) 34. Nxe5 {Weiß gibt gerne die Qualität zurück und erhält
nun auf der Diagonalen a1-h8 seinerseits Mattangriff.} Nxe5 35. Qxe5 Qxd1+ 36.
Kh2 {Nun droht Matt.} Qg4 {Der Zug deckt es nicht.} 37. Rh8+ Kg6 38. Qf6+ Kh5
39. Rxh6# 1-0

[Event "Teheran FIDE GP (Women)"]
[Site "Teheran"]
[Date "2016.02.16"]
[Round "5"]
[White "Harika, Dronavalli"]
[Black "Stefanova, Antoaneta"]
[Result "1-0"]
[WhiteElo "2511"]
[BlackElo "2509"]
[Annotator "Schulz,Andre"]
[PlyCount "55"]
[EventDate "2016.02.11"]
[EventType "tourn"]
[EventRounds "11"]
[EventCountry "IRI"]
[EventCategory "11"]
[SourceTitle "CBM 171"]
[Source "ChessBase"]
[SourceDate "2016.03.14"]
[SourceVersion "2"]
[SourceVersionDate "2016.03.14"]
[SourceQuality "1"]

1. e4 g6 2. d4 Bg7 3. Nc3 d6 4. f4 c5 ({Solider ist} 4... Nf6 5. Nf3 (5. Bd3 $5
{Karjakin}) 5... c5) 5. dxc5 dxc5 6. Qxd8+ Kxd8 {[#]} 7. e5 ({Die Variante hat
Stefanova selber schon mit Weiß bekämpft:} 7. Bd2 Nd7 8. O-O-O e6 9. Nf3 Ke7
10. e5 b6 11. Bd3 Bb7 12. Be4 Bxe4 13. Nxe4 Nh6 14. h3 Rhd8 15. g4 Rac8 16.
Rhg1 Ng8 17. Bc3 b5 18. Nd6 Rc6 19. Nxb5 a6 20. Nd6 f6 21. Nc4 fxe5 22. fxe5
Nb8 23. Rxd8 Kxd8 24. Ng5 Bh6 25. Bd2 Bxg5 26. Bxg5+ Kc7 27. Rf1 h6 28. Rf7+
Nd7 29. Bd2 Kd8 30. Rg7 Ne7 31. Bxh6 Nd5 {1-0 (31) Stefanova,A (2548)
-Vasilevich,T (2368) Beijing 2008}) 7... b6 8. Nf3 Nh6 9. Bc4 Nc6 10. Be3 Kc7
11. O-O-O $14 {Weiß hat das bequemere Spiel.} a6 12. h3 f6 13. g4 fxe5 14.
fxe5 e6 {[#]} 15. Ng5 Nd4 $2 {Der Springer kann sich hier nicht halten.} ({
In den taktischen Scharmützeln nach} 15... Nxe5 $2 16. Bf4 {zieht Schwarz den
Kürzeren:} Rf8 17. Bxe6 Rxf4 18. Nd5+ $18) ({Besser war} 15... Re8 16. Rhf1 (
16. Nxh7 Nxe5 17. Bf4 Kb7 $16) 16... Nxe5 17. Bf4 Kb7 $16) 16. Nce4 $18 Ra7 17.
Rhf1 (17. c3 Nc6 18. Nxe6+ Bxe6 19. Bxe6 Nxe5 20. Bf4 Re8 21. Ng5 $18) 17...
Kb8 18. c3 Nc6 19. Nxe6 Bxe6 20. Bxe6 Nxe5 21. Bf4 Re7 22. g5 Nf5 23. Bxf5 gxf5
24. Ng3 Rf8 25. Nh5 Bh8 26. Nf6 {Droht Lxe5 und Sd7.} Kc8 (26... Bxf6 27. gxf6
Rxf6 28. Rd5 Rfe6 29. Rxe5 Rxe5 30. Re1 $18) 27. Bxe5 Rxe5 28. Nd7 {Immer noch
entscheidend.} 1-0

[Event "Hasselbacken op"]
[Site "Stockholm"]
[Date "2016.05.08"]
[Round "9"]
[White "Predojevic, Borki"]
[Black "Andreikin, Dmitry"]
[Result "0-1"]
[WhiteElo "2654"]
[BlackElo "2736"]
[Annotator "Schulz,Andre"]
[PlyCount "72"]
[EventDate "2016.04.30"]
[EventType "swiss"]
[EventRounds "9"]
[EventCountry "SWE"]
[SourceTitle "CBM 172 Extra"]
[Source "ChessBase"]
[SourceDate "2016.06.21"]
[SourceVersion "1"]
[SourceVersionDate "2016.06.21"]
[SourceQuality "1"]

1. e4 g6 2. h4 {Das ist aggressiv! Weiß spielt auf Gewinn.} Nf6 (2... d5 $5) (
2... h5 {ist zwar der meistgespielte Zug, zeigt aber an, dass Schwarz den
weißen Angriff ernst nimmt.}) 3. e5 Nh5 4. Be2 (4. d4 d6 5. Nf3 Bg4 6. Be2
dxe5 7. Nxe5 Bxe2 8. Qxe2 Qxd4 9. Qb5+ Nd7 10. Nxd7 {1-0 (43) Morozevich,A 
(2711)-Nielsen,P (2654) Berlin 2015} O-O-O $17) 4... d6 5. d4 (5. exd6 Qxd6 6.
Bxh5 gxh5 7. Qxh5 Rg8 $15) 5... dxe5 6. dxe5 Qxd1+ 7. Bxd1 Nc6 $15 {[#] Der
Wunsch von Weiß nach einer schneidigen Angriffspartie kann als gescheitert
angesehen werden.} 8. Nc3 (8. g4 $6 Ng7 9. Nc3 (9. f4 h5) 9... Bd7 10. h5 gxh5
11. gxh5 Nxe5 $17) 8... Be6 9. Nh3 Nxe5 10. Ng5 Bc4 11. b3 Bg7 12. Bxh5 (12.
bxc4 Nd3+ $17) 12... Nd3+ 13. Kd2 Rd8 14. bxc4 Nxf2+ 15. Ke3 Bd4+ {[#] Die
weiße Stellung wird kunstvoll zerlegt.} 16. Kf3 Nxh1 17. Bb2 Nf2 18. Bg4 h6
19. Nh3 (19. Nge4 Nxg4 20. Kxg4 f5+ $19) 19... Nxg4 20. Kxg4 f5+ 21. Kf3 e5 {
[#] "Der Rest ist Technik."} 22. Rb1 Kd7 23. Nd5 Bxb2 24. Rxb2 b6 25. Rb1 c6
26. Ne3 Ke6 27. Re1 Rd4 28. g3 g5 29. Nf2 e4+ 30. Kg2 Ke5 31. c3 Rd7 32. hxg5
hxg5 33. Nc2 c5 34. g4 Rd2 35. Ne3 f4 36. Nf1 Re2 0-1

[Event "Bagneux Librairie Saint Germain"]
[Site "Bagneux"]
[Date "1981.07.??"]
[Round "11"]
[White "Sax, Gyula"]
[Black "Seret, Jean Luc"]
[Result "0-1"]
[WhiteElo "2560"]
[BlackElo "2365"]
[Annotator "Seret,JL"]
[PlyCount "84"]
[EventDate "1981.07.??"]
[EventType "tourn"]
[EventRounds "9"]
[EventCountry "FRA"]
[EventCategory "7"]
[SourceTitle "EXT 2020"]
[Source "ChessBase"]
[SourceDate "2019.10.17"]
[SourceVersion "1"]
[SourceVersionDate "2019.10.17"]
[SourceQuality "1"]

1. e4 g6 2. d4 Bg7 3. Nc3 c6 4. Bc4 d5 5. exd5 b5 6. Bb3 b4 7. Nce2 (7. dxc6
bxc3 8. Qf3 Nf6 9. c7 Qxc7 10. Qxa8 O-O 11. Qf3 Bb7 12. Qh3 Qa5 $44) 7... cxd5
8. Nf3 Nf6 9. O-O O-O 10. Ne5 $6 (10. a3 $14) 10... Bb7 (10... a5 11. a3 Ba6)
11. a3 bxa3 12. Rxa3 Nbd7 13. Nc3 (13. Nd3) 13... e6 (13... Nxe5 14. dxe5 Nd7
15. f4 e6) 14. Bg5 Qc7 15. Bf4 Nh5 16. Nxd7 Qxd7 17. Be3 Rfc8 18. Na4 $14 Qd8 {
[%emt 0:00:00]} 19. Nc5 $6 Rxc5 $5 20. dxc5 Bxb2 21. Ra2 Bg7 22. c3 $1 (22. Qg4
$5 $14 {Fritz 10}) 22... Bxc3 (22... Qc7 $11 {Fritz 10}) 23. Bd4 Bxd4 24. Qxd4
Qc7 $13 25. Rc1 (25. f4 $5 Bc6 (25... a5) 26. g4 Ng7 27. Rfa1 h5 $13) (25. Re1)
25... Bc6 (25... e5 26. Qd1 d4 27. c6 $15 {Fritz 10}) 26. Ba4 e5 27. Qe3 (27.
Qb4 $142 $15) (27. Bxc6 exd4 28. Bxa8 Nf4 29. c6 d3 $19) 27... d4 28. Qd2 (28.
Qa3 $142) 28... Nf4 29. f3 $15 d3 (29... Bd5 $15) 30. Bd1 {White offers the
draw but he has to play 10 moves in 1 minute and Black declines  'White offers
the drawbut he has to play 10 moves in 1 minute '} g5 $5 (30... Bb5) (30... Rd8
) (30... Rb8) 31. Qe3 $1 (31. g3 Nh3+ 32. Kf1 Qd7) 31... Re8 32. Rca1 $1 (32.
g3 Nh3+ 33. Kg2 g4 $40) 32... e4 33. Rxa7 Qd8 $2 (33... Qb8 $142) (33... Qe5 $1
34. fxe4 Bxe4 $17) 34. Bb3 Nxg2 $5 (34... Bd5 35. Bxd5 Qxd5 $15 36. R7a4 $1
Nxg2 (36... d2 37. Rd1 Nxg2 38. Qxd2 Qxd2 39. Rxd2 Nh4 40. Rda2 Nxf3+ $13) (
36... f5 $13)) 35. Bxf7+ (35. Qf2 Bd5 36. Bxd5 Qxd5 37. fxe4 Rxe4 38. Ra8+ Kg7
39. Qb2+ Kg6 40. R8a6+ Kh5 41. Qxg2 d2 42. Qf3+ g4 43. Qf1 Qd4+ 44. Kg2 Rf4 45.
Qe2 Qd5+ $11) 35... Kf8 36. Qf2 d2 (36... Re7 37. Bd5 $1 Bxd5 38. Rxe7 Qxe7 39.
fxe4+ Nf4 40. exd5 $11) 37. Bb3 $1 {The forgotten comeback} e3 38. Qxg2 Qf6 $5
{Setting a trap} (38... e2 39. Rf7+ Kg8 40. Rd7+ Kh8 41. Rxd8 e1=Q+ 42. Qf1
Qxf1+ 43. Kxf1 Bb5+ 44. Kf2 Rxd8 $11) 39. Rf7+ $4 (39. Bd1 $1 g4 $1 40. Qxg4 e2
41. Bxe2 Rxe2 42. Ra8+ Bxa8 43. Rxa8+ {'='} Ke7 44. Ra7+ Kf8 45. Ra8+ $11) (39.
Qe2 $1 Bb5 40. R1a6 $3 Qf5 $3 41. Qxb5 e2 42. Qxe8+ Kxe8 43. Ra8+ Ke7 44. R8a7+
$11) 39... Qxf7 40. Bxf7 e2 41. Bxe8 d1=Q+ 42. Rxd1 exd1=Q+ {The sealed move}
0-1

[Event "Linares 12th"]
[Site "Linares"]
[Date "1994.??.??"]
[Round "7"]
[White "Polgar, Judit"]
[Black "Shirov, Alexei"]
[Result "0-1"]
[WhiteElo "2630"]
[BlackElo "2705"]
[Annotator "Shirov,A"]
[PlyCount "96"]
[EventDate "1994.02.??"]
[EventType "tourn"]
[EventRounds "13"]
[EventCountry "ESP"]
[EventCategory "18"]
[SourceTitle "CBM 040"]
[Source "ChessBase"]
[SourceDate "1994.06.01"]
[SourceVersion "1"]
[SourceVersionDate "1994.06.01"]
[SourceQuality "1"]

1. e4 g6 2. d4 Bg7 3. Nc3 c6 4. Nf3 d6 (4... d5) 5. Bg5 $5 Qb6 $5 6. Rb1 (6.
Qd2 Qxb2 7. Rb1 Qa3 8. Bd3 h6 9. Be3 Nf6 10. O-O Nbd7 11. h3 Qa5 $13) (6. a3
Bg4 7. Be3 Nd7 $10) 6... Bg4 7. Be3 Bxf3 8. gxf3 Qc7 9. h4 e6 10. h5 d5 11. Qd2
(11. Qe2 Nf6 (11... Ne7 12. h6 Bf8 13. Bh3 Nd7 14. Bg5 $36) 12. h6 Bf8 13. Bg5
Be7 $10) 11... Nd7 12. b4 (12. exd5 exd5 13. Bf4 Qb6 14. Qe3+ Ne7 15. Bd6 O-O
$1 16. Bxe7 Rfe8 (16... Bxd4 17. Na4 $1 Qa5+ 18. Qd2 Qxa4 19. Bxf8 $13) 17. Ne2
Qa5+ $1 18. c3 Qxa2 19. Rd1 Bf8 $19) 12... Ngf6 13. h6 $5 Bf8 14. Bf4 Qd8 $6 (
14... e5 15. dxe5 Nxe5 16. Bxe5 Qxe5 17. f4 Qe6 18. e5 Ne4 19. Nxe4 dxe4 20.
Bh3 Qd5 21. c4 $1 Qxd2+ 22. Kxd2 a5 (22... Bxh6 23. Ke3 f5 24. exf6 Kf7 25. Bg4
Bf8 $13) 23. bxa5 Bc5 $1 24. Rxb7 O-O $10) 15. Bd3 (15. Be2 Nb6 (15... Be7 16.
e5 Nh5 17. Be3 {xNh5}) 16. a4 Be7 17. a5 Nc8 $15) 15... Be7 16. Ne2 $6 (16. e5
Nh5 17. Be3 Nxe5 $1 18. dxe5 d4 19. Ne2 (19. Ne4 dxe3 20. fxe3 $13) 19... dxe3
20. Qxe3 $13) 16... O-O 17. c3 b5 $1 18. Kf1 a5 19. a3 Nb6 20. Re1 Ne8 $5 (
20... axb4 21. axb4 Ra3 {/\ Qa8}) 21. Be5 Nd6 22. Bg7 Ndc4 23. Qc1 (23. Qf4 Re8
{xa3}) 23... Re8 24. e5 axb4 25. axb4 Ra2 26. Qf4 Rd2 27. Bb1 $1 Na4 28. Kg2
Nab2 (28... Rxe2 29. Rxe2 Nxc3 30. Ree1 Bxb4 31. Bd3 $1 $13) 29. Qg4 $1 (29.
Ng3 $2 Bg5 30. Qg4 Nd1 $19) 29... Na3 30. Nf4 Nxb1 31. Rxb1 Nd3 32. Nxd3 (32.
Nh3 Qa8 $1 33. Ra1 Ra2 34. Rad1 Nb2 $17) 32... Rxd3 33. Ra1 $2 (33. Rhc1 f5 $1
34. exf6 Bxf6 35. Ra1 $1 Bxg7 36. hxg7 $15) 33... Rxc3 34. Ra7 Rc4 $1 35. Rha1
Rxb4 36. Qf4 c5 37. Rxe7 Qxe7 38. Bf6 Qc7 39. Ra6 Rxd4 40. Qg5 Ra4 41. Rd6 Raa8
42. Rc6 $5 (42. Qh4 $5 Qb7 43. Bd8 f5 44. Qf6 c4 45. Rb6 Qd7 46. Rd6 Raxd8 $1
47. Rxd7 Rxd7 $19) (42. Bd8 $2 f6) 42... Qa7 $1 (42... Qxc6 $4 43. Be7 {/\ Qf6}
) 43. Bd8 (43. Ra6 Qxa6 44. Be7 f5 45. Qf6 Rxe7 46. Qxe7 Qa7 $19) 43... f6 44.
Bxf6 c4 45. Qg4 Qf7 46. Qd4 Rec8 47. Qb6 Rxc6 48. Qxc6 Rb8 0-1

[Event "GER-ch 70th"]
[Site "Bremen"]
[Date "1998.11.11"]
[Round "6"]
[White "Heinemann, Thies"]
[Black "Gabriel, Christian"]
[Result "0-1"]
[WhiteElo "2495"]
[BlackElo "2555"]
[Annotator "Smirin,I"]
[PlyCount "54"]
[EventDate "1998.11.06"]
[EventType "swiss"]
[EventRounds "9"]
[EventCountry "GER"]
[SourceTitle "CBM 068"]
[Source "ChessBase"]
[SourceDate "1999.02.01"]
[SourceVersion "1"]
[SourceVersionDate "1999.02.01"]
[SourceQuality "1"]

{[%mdl 1] Tyomkin,D} 1. e4 g6 2. d4 Bg7 3. Nc3 d6 4. Be3 c6 5. Qd2 Nd7 6. f3 b5
7. Nh3 a6 (7... Nb6 {-is the main move in this line.}) 8. a4 $6 (8. Nf2 $142 {
[%cal Gf1e2,Ye1g1]}) 8... b4 9. Nd1 {White's opening strategy went
unsuccesfully,both knights are situated badly on d1 and h3.It was good idea to
wait with a2-a4 and to finish development by Be2 and Nf2.} Rb8 10. a5 $6 e5 11.
dxe5 Nxe5 12. Nf4 (12. f4 $6 {This move lets black to get initiative very fast
using week central pawns.} Ng4 (12... Bxh3 13. fxe5 Qh4+ 14. Nf2 $18) 13. Ba7
Ra8 14. Bd4 (14. Bb6 Qe7 15. Qxb4 c5 (15... N4f6 16. Nhf2 $16) 16. Qc4 N8f6 (
16... Bb7 17. Qa4+ Kf8 18. Bd3 f5) (16... d5 17. Qxd5 Bb7 18. Qc4 $1) 17. Nc3
Bb7 18. Bd3 Ne3 19. Qa4+ Nd7 $17 {[%csl Rb6,Re1][%cal Ge8g8,Yf7f5]}) 14... N8f6
$15 {[%cal Gc6c5]}) (12. Nhf2 $15 {[%csl Rd1]}) 12... Nf6 $1 {[%mdl 512]
Letting white to win b4-pawn,but actually that was strategical trap.} 13. Ba7
Ra8 14. Bb6 Qe7 15. Qxb4 c5 {[%csl Rb6]} 16. Qa3 $2 (16. Qd2 $142 Bh6 {[%cal
Rd6d5]} 17. Qe3 $1 {with option Nd5.}) 16... Bh6 17. Nd3 Ned7 18. Be2 Rb8 19.
b4 $2 (19. O-O Nxb6 20. axb6 Rxb6 21. Qa4+ Nd7 $1 (21... Bd7 $143 $2 22. Qa5
Rc6 {[%csl Rc6]}) 22. Nc3 {[%cal Gc3d5]} Bb7 23. f4 O-O 24. Bf3 Bg7 $15 {^^})
19... c4 {White doesn't fill a danger,and punishment will come very soon.} 20.
N3b2 Nxb6 21. axb6 d5 $1 $19 {[%csl Gc8,Re1,Gh6] All white pieces are fully
disconnected,and any piece cannot come back to defend the king.} 22. Qa4+ Bd7
23. Qxa6 O-O 24. Qa5 {[%tqu "En","How to break white's position,using
advantage in development?","Open files over white's king.","","f6e4","",10]}
Nxe4 $3 {[%mdl 128]} 25. Qxd5 $2 (25. fxe4 Qxe4 26. Rf1 Bg4 27. Rf2 (27. Nc3
Qd4 $1 $19) 27... Rbe8 28. Na4 {[%cal Ga4c3]} (28. Nc3 Bd2+ $1 29. Kxd2 Qe3+
30. Kd1 Qxf2 $19) 28... d4 $19) (25. O-O Nf6 {[%csl Re2]} 26. Rf2 Bd2 $1 $19 {
[%cal Gd2b4,Gd2e1]}) 25... Bd2+ 26. Kf1 Qh4 27. g3 Nxg3+ 0-1

[Event "Leeuwarden op"]
[Site "Leeuwarden"]
[Date "1997.??.??"]
[Round "8"]
[White "Speelman, Jonathan S"]
[Black "Bosboom, Manuel"]
[Result "1-0"]
[WhiteElo "2630"]
[BlackElo "2430"]
[Annotator "Speelman,J"]
[PlyCount "51"]
[EventDate "1997.11.08"]
[EventType "swiss"]
[EventRounds "9"]
[EventCountry "NED"]
[SourceTitle "CBM 062"]
[Source "ChessBase"]
[SourceDate "1998.01.31"]
[SourceVersion "1"]
[SourceVersionDate "1998.01.31"]
[SourceQuality "1"]

1. d4 g6 2. e4 Bg7 3. c3 d5 $5 4. Nd2 dxe4 5. Nxe4 Nh6 (5... Qd5 $5) 6. Bc4 (6.
h4 $5) 6... Nf5 7. Nf3 O-O 8. O-O Nd7 (8... Nd6 9. Nxd6 (9. Bd3 Nxe4 10. Bxe4
Nd7 11. Re1 Nf6 12. Bd3 b6 13. Qe2 e6 $14) 9... cxd6 10. Re1 d5 11. Bd3) (8...
b6 9. Ne5 $5 {Bosboom} Bb7 10. Qf3 Nd6 11. Nxd6 Bxf3 12. Nexf7 Rxf7 13. Nxf7
Qf8 14. Ne5+ Kh8 15. Nxf3 $16) 9. Qe2 (9. Re1 Nd6 10. Nxd6 (10. Bb3) 10... exd6
11. Bg5 Nf6 $11) 9... b6 (9... Nd6 10. Bb3 Nxe4 11. Qxe4 Nf6 12. Qh4 b6 13. Bh6
Bb7 14. Ng5) 10. Ng3 Nxg3 (10... Nd6 11. Bd5 $1 (11. Bb3 a5 $1 12. Re1 a4)
11... Rb8 (11... Bb7 12. Bxb7 Nxb7 $14) 12. Ne5 Nxe5 13. dxe5 Nf5 14. Rd1 Nxg3
15. hxg3 Qe8 16. e6 $1 (16. Qf3 Bxe5 17. Bc6 Bg4 $1)) 11. fxg3 $1 {xf7} Bb7 12.
Bg5 Nf6 (12... Bf6) 13. Rae1 Ne4 14. Bh4 $1 (14. Qd3 Nxg5 15. Nxg5 Bd5 {defends
}) 14... Bf6 15. Bd3 Nd6 16. Ne5 Kg7 (16... Bxh4 17. gxh4 f6) 17. Qe3 h5 $2 (
17... Bxh4 18. gxh4 f6 $1 (18... e6 19. Ng4 $1 Qxh4 20. Qe5+ f6 21. Nxf6 Rxf6
22. g3 Nf7 23. Qxc7 Qg5 24. Rxf6 Qxf6 25. Qxb7 $18) 19. Ng4 Rf7 20. h5 $5 g5 (
20... gxh5 $2 21. Nh6 Rf8 22. Nf5+ Nxf5 23. Rxf5 $16 Rf7 24. Rxh5 Kh8 25. Qh3
Qg8 26. Bxh7 $1 Rxh7 27. Rxe7 $18)) 18. Bg5 Rh8 (18... Bxg5 19. Qxg5 e6 20.
Nxf7 Rxf7 21. Qxg6+ Kf8 22. Rxf7+ Nxf7 23. Rf1 $18) 19. Rf2 Rc8 (19... c5 20.
dxc5 bxc5 21. Ref1 Ne8 22. Bc4 Bd5 23. Rd2 $18) 20. Ref1 Ne8 21. Bxg6 fxg6 (
21... Bxg5 22. Rxf7+ Kh6 23. Qxg5+ Kxg5 24. R1f5+ Kh6 25. Rxh5#) 22. Qd3 Bd5 $2
(22... Rh7 23. Qxg6+ Kh8 24. Rxf6 (24. Nf7+ Rxf7 25. Qxf7 Qd5 26. Qxh5+ Kg7 27.
Qh6+ Kg8 28. Qg6+ Kh8 $16) 24... Nxf6 $1 (24... exf6 25. Rxf6 $18) 25. Rxf6 Qd5
$1 26. Rf2 $18 {intending} Rg8 $2 27. Bf6+ exf6 28. Qxf6+ Rhg7 29. c4 $1 {wins}
) 23. Qxg6+ Kf8 24. Bxf6 exf6 25. Rxf6+ Nxf6 26. Rxf6+ 1-0